Ατομική ψυχολογία : εισαγωγή στην θεωρία της ψυχολογίας του βάθους του Άλφρεντ Άντλερ
Αποθηκεύτηκε σε:
| Κύριος συγγραφέας: | |
|---|---|
| Μορφή: | Βιβλίο |
| Γλώσσα: | Greek German |
| Δημοσίευση: |
Αθήνα :
Μπουκαμάνης,
1970.
|
| Έκδοση: | 2η έκδ. |
| Θέματα: | |
| Ετικέτες: |
Προσθήκη ετικέτας
Δεν υπάρχουν, Καταχωρήστε ετικέτα πρώτοι!
|
MARC
| LEADER | 00000cam a2200000 i 4500 | ||
|---|---|---|---|
| 001 | 1/83220 | ||
| 008 | 960624s1970 gr | ||| |||| ||gre|| | ||
| 035 | |a 1995 |b 1 |c Δωρεά |l 10034139 | ||
| 035 | |a 1986 |c Αγορά | ||
| 040 | |a GR-MY-UA |b gre |e aacr | ||
| 041 | 1 | |a gre |h ger | |
| 082 | 0 | |a 150.1953 | |
| 100 | 1 | |a Rattner, Josef. | |
| 245 | 1 | 0 | |a Ατομική ψυχολογία : |b εισαγωγή στην θεωρία της ψυχολογίας του βάθους του Άλφρεντ Άντλερ / |c Josef Rattner ; μετάφραση: Γιώργου Βαμβαλή. |
| 250 | |a 2η έκδ. | ||
| 260 | |a Αθήνα : |b Μπουκαμάνης, |c 1970. | ||
| 300 | |a 136 σ. ; |c 21 εκ. | ||
| 600 | 1 | 0 | |a Adler Alfred |d 1870-1937. |
| 650 | 0 | 0 | |a Individuality. |
| 650 | 0 | 0 | |a Personality. |
| 650 | 0 | 0 | |a Neuroses. |
| 852 | |a INST |b RHODES |e 19960624 |h 150.1953 RAT |p 005400004795 |q 005400004795 |t BK |y 0 | ||
| 852 | |a INST |b RHODES |e 19970211 |h 150.1953 RAT |p 005400007211 |q 005400007211 |t BK |y 0 | ||
| 909 | |a Ρ |b 003158 | ||
| 909 | |a Ρ |b 042780 | ||
| 970 | |z 1996/06 | ||